La antropología y el patrimonio cultural de México (Registro nro. 155588)

Detalles MARC
000 -LEADER
fixed length control field 00965nam a22002177a 4500
005 - DATE AND TIME OF LATEST TRANSACTION
control field 20210426111859.0
008 - FIXED-LENGTH DATA ELEMENTS--GENERAL INFORMATION
fixed length control field 210426b mx ||||| |||| 00| 0 spa d
020 ## - INTERNATIONAL STANDARD BOOK NUMBER
International Standard Book Number 9786074557220
050 04 - LIBRARY OF CONGRESS CALL NUMBER
Classification number F1210
Item number A58 2011
245 03 - TITLE STATEMENT
Title La antropología y el patrimonio cultural de México
Remainder of title / Guillermo de la Peña, coordinador.
250 ## - EDITION STATEMENT
Edition statement 1. ed.
Remainder of edition statement en el patrimonio histórico y cultural de México (1810-2010).
260 ## - PUBLICATION, DISTRIBUTION, ETC. (IMPRINT)
Place of publication, distribution, etc México, D.F. :
Name of publisher, distributor, etc Dirección General de Publicaciones del Consejo Nacional para la Cultura y las Artes,
Date of publication, distribution, etc 2011.
300 ## - PHYSICAL DESCRIPTION
Extent 304 p. :
Other physical details il. ;:
Dimensions 24 cm.
490 ## - SERIES STATEMENT
Series statement El patrimonio histórico y cultural de México (1810-2010) / coordinada por Enrique Florescano ;
Volume number/sequential designation v t. III
650 #7 - SUBJECT ADDED ENTRY--TOPICAL TERM
Source of heading or term lemb
Topical term or geographic name as entry element Patrimonio cultural
Geographic subdivision México
650 #7 - SUBJECT ADDED ENTRY--TOPICAL TERM
Source of heading or term lemb
Topical term or geographic name as entry element Antropología |
Geographic subdivision México
700 1# - ADDED ENTRY--PERSONAL NAME
Personal name Peña, Guillermo de la,
Relator term coord.
700 1# - ADDED ENTRY--PERSONAL NAME
Personal name Corona Berkin, Sarah,
Relator term coord.
700 1# - ADDED ENTRY--PERSONAL NAME
Personal name Florescano, Enrique.
Relator term coord.
942 ## - ADDED ENTRY ELEMENTS (KOHA)
Source of classification or shelving scheme Biblioteca del Cogreso de los Estados Unidos
Koha item type Libro
Existencias
Estado de pérdida Fuente de clasificación Estado del daño No para préstamo Ubicación permanente Ubicación actual Apartado o colección Fecha de adquisición Edición Área del conocimiento Clasificación Código de Barras Date last seen Número de copia Tipo de recurso
  Biblioteca del Cogreso de los Estados Unidos     Biblioteca del Instituto de Investigaciones Históricas Biblioteca del Instituto de Investigaciones Históricas General 26/04/2021 1a ed. Educación y Humanidades F1210 A58 2011 T.III IIH000029107 26/04/2021 C:1 Libro